| 000 | 00834nas a2200277 4500 | ||
|---|---|---|---|
| 001 | BR9200459 | ||
| 003 | BR-BrBNA | ||
| 005 | 20231205092247.0 | ||
| 007 | ta | ||
| 008 | 230509b bl.|||p| |||| 00| 00por d | ||
| 040 |
_aBR-BrBNA _bpor _cBiblioteca Nacional de Agricultura |
||
| 041 | _a(Pt) | ||
| 072 | _aE14 | ||
| 100 | 1 | _aFlores, M.X. | |
| 100 | 1 | _aQuirino, T.R. | |
| 100 | 1 | _aNascimento, J.C. | |
| 100 | 1 | _aRodrigues, G.S. | |
| 100 | 1 | _aBuschinelli, C. | |
| 245 | 1 | _aPesquisa para agricultura auto-sustentavel | |
| 650 | _aADOCAO DE INOVACOES | ||
| 650 | _aDESENVOLVIMENTO AGRICOLA | ||
| 650 | _aINSTITUICAO DE PESQUISA | ||
| 773 | 0 |
_tRevista de Economia e Sociologia Rural (Brazil) _xISSN 0103-2003 _g(Jan-Mar 1991), v. 29(1) p. 1-21 _wBR9200459 |
|
| 909 |
_a202311 _bLúcia _c55 _dLúcia Elande |
||
| 942 |
_2AGRIS _n0 _cANA |
||
| 999 |
_c130487 _d130487 |
||